Shortfall on farmers' common agricultural policy reforms (Record no. 72868)

MARC details
000 -LEADER
fixed length control field 01195cam a2200205 4500
001 - CONTROL NUMBER
control field WB3922-14
008 - FIXED-LENGTH DATA ELEMENTS--GENERAL INFORMATION
fixed length control field 030617n2003 000 0 eng u
035 ## - SYSTEM CONTROL NUMBER
System control number (Sirsi) u122627
245 ## - TITLE STATEMENT
Title Shortfall on farmers' common agricultural policy reforms
260 ## - PUBLICATION, DISTRIBUTION, ETC.
Date of publication, distribution, etc. 2003
490 ## - SERIES STATEMENT
Series statement RICS Press Release
Volume/sequential designation 10 June 2003 (1)
520 ## - SUMMARY, ETC.
Summary, etc. Farmers who have entered into agri-property agreements not knowing they would be faced with future reductions in their subsidies are likely to be penalised as a result of the forthcoming Common Agricultural Policy reforms. It is widely believed that there are insufficient funds to handle the volume of applications despite the proposed creation of a National Reserve to compensate farmers. Organisations including the RICS, the NFU and the Country Land and Business Association have joined forces in common agreement on a number of areas that need to be addressed in the field of property transfers and leases. ww.rics.org/includes/listprmoreall.html?faculty=RICS&
590 ## - LOCAL NOTE (RLIN)
Local note TEST
650 ## - SUBJECT ADDED ENTRY--TOPICAL TERM
Topical term or geographic name entry element COMMON AGRICULTURAL POLICY
650 ## - SUBJECT ADDED ENTRY--TOPICAL TERM
Topical term or geographic name entry element CAP REFORM
650 ## - SUBJECT ADDED ENTRY--TOPICAL TERM
Topical term or geographic name entry element AGRI-PROPERTY AGREEMENTS
650 ## - SUBJECT ADDED ENTRY--TOPICAL TERM
Topical term or geographic name entry element SUBSIDIES
690 ## - LOCAL SUBJECT ADDED ENTRY--TOPICAL TERM (OCLC, RLIN)
Topical term or geographic name as entry element Rural
9 (RLIN) 6268
942 ## - ADDED ENTRY ELEMENTS (KOHA)
Suppress in OPAC 0
Holdings
Withdrawn status Lost status Source of classification or shelving scheme Damaged status Not for loan Home library Current library Shelving location Date acquired Total Checkouts Full call number Barcode Date last seen Copy number Price effective from Koha item type
    Dewey Decimal Classification     London London News article 17/06/2003   WB3922-14 122627-1001 06/08/2019 1 06/08/2019 News article